Raising dairy cattle of farmers in the cambodian dairy cattle association in koh krobey village sangkat prek thmey khan meanchey phnom penh, ការចិញ្ចឹមគោទឹកដោះរបស់កសិករ នៅសមាគមន៍គោទឹកដោះកម្ពុជានៅភូមិ កោះក្របី សង្កាត់ព្រែកថ្មី ខណ្ឌមានជ័យ រាជធានីភ្នំពេញ (Record no. 2607)

000 -LEADER
fixed length control field 00825nam a22001577a 4500
003 - CONTROL NUMBER IDENTIFIER
control field OSt
005 - DATE AND TIME OF LATEST TRANSACTION
control field 20151024141620.0
008 - FIXED-LENGTH DATA ELEMENTS--GENERAL INFORMATION
fixed length control field 151024b xxu||||| |||| 00| 0 eng d
040 ## - CATALOGING SOURCE
Transcribing agency RUA
082 ## - DEWEY DECIMAL CLASSIFICATION NUMBER
Classification number AVM VON 2012 B102 Or.1
100 ## - MAIN ENTRY--PERSONAL NAME
9 (RLIN) 2787
Personal name VONG, PISEY.
245 ## - TITLE STATEMENT
Title Raising dairy cattle of farmers in the cambodian dairy cattle association in koh krobey village sangkat prek thmey khan meanchey phnom penh, ការចិញ្ចឹមគោទឹកដោះរបស់កសិករ នៅសមាគមន៍គោទឹកដោះកម្ពុជានៅភូមិ កោះក្របី សង្កាត់ព្រែកថ្មី ខណ្ឌមានជ័យ រាជធានីភ្នំពេញ
260 ## - PUBLICATION, DISTRIBUTION, ETC. (IMPRINT)
Place of publication, distribution, etc. Phnom Penh
Name of publisher, distributor, etc. RUA
Date of publication, distribution, etc. 2012
300 ## - PHYSICAL DESCRIPTION
Extent xii; 63p.
Other physical details ill.
Dimensions 29cm.
942 ## - ADDED ENTRY ELEMENTS (KOHA)
Source of classification or shelving scheme
Koha item type AVM
Holdings
Price effective from Date last seen Permanent Location Not for loan Date acquired Source of classification or shelving scheme Koha item type Lost status Withdrawn status Total Renewals Date last checked out Total Checkouts Shelving location Damaged status Barcode Current Location Full call number
2015-10-242017-01-13Library Block B 2015-10-24 AVM   2016-12-273B102 RUA018573Library Block BAVM VON 2012 B102 Or.1
2015-10-242024-05-27Library Block B 2015-10-24 AVM   2024-04-231B102 RUA011191Library Block BAVM VON 2012 B102 Or.2
2015-10-242016-09-26Library Block B 2015-10-24 AVM  22016-09-183B102 RUA020033Library Block BAVM VON 2012 B102 Or.3
2015-10-242015-10-24Library Block B 2015-10-24 AVM     B102 RUA009174Library Block BAVM VON 2012 B102 Or.4
2015-10-242025-02-05Library Block B 2015-10-24 AVM   2025-01-068B102 RUA009027Library Block BAVM VON 2012 B102 Or.5
2015-10-242015-10-24Library Block B 2015-10-24 AVM     B102 RUA020022Library Block BAVM VON 2012 B102 Or.6
2015-10-242024-05-27Library Block B 2015-10-24 AVM   2024-04-234B102 RUA016519Library Block BAVM VON 2012 B102 Or.7
2015-10-242015-10-24Library Block B 2015-10-24 AVM     B102 RUA016591Library Block BAVM VON 2012 B102 Or.8
2023-11-202024-10-30Library Block B 2023-11-20 AVM  22024-02-134  A05745Library Block BAVM VON 2012 B102 Or.1
មជ្ឈមណ្ឌលឯការនៃសាកលវិទ្យាល័យភូមិន្ទកសិកម្មចំការដូង

Powered by Koha